MARC details
| 000 -CABECERA |
| campo de control de longitud fija |
02726pam a22003971i 4500 |
| 001 - NÚMERO DE CONTROL |
| campo de control |
991014725779707026 |
| 003 - IDENTIFICADOR DEL NÚMERO DE CONTROL |
| campo de control |
UkOxU |
| 005 - FECHA Y HORA DE LA ÚLTIMA TRANSACCIÓN |
| campo de control |
20251010083132.0 |
| 006 - CÓDIGOS DE INFORMACIÓN DE LONGITUD FIJA--CARACTERÍSTICAS DEL MATERIAL ADICIONAL |
| campo de control de longitud fija |
m || d | |
| 007 - CAMPO FIJO DE DESCRIPCIÓN FÍSICA--INFORMACIÓN GENERAL |
| campo de control de longitud fija |
cr ||||||||||| |
| 008 - DATOS DE LONGITUD FIJA--INFORMACIÓN GENERAL |
| campo de control de longitud fija |
210618s2021 nju o 000|0|eng|d |
| 015 ## - NÚMERO DE BIBLIOGRAFÍA NACIONAL |
| Número de bibliografía nacional |
GBC1A0074 |
| Fuente |
bnb |
| 020 ## - NÚMERO INTERNACIONAL ESTÁNDAR DEL LIBRO |
| Número Internacional Estándar del Libro |
9781292411347 (PDF ebook) : |
| Condiciones de disponibilidad |
Đ49.99 |
| 020 ## - NÚMERO INTERNACIONAL ESTÁNDAR DEL LIBRO |
| ISBN cancelado o inválido |
9781292411217 (pbk.) : |
| Condiciones de disponibilidad |
Đ57.99 |
| 035 ## - NÚMERO DE CONTROL DEL SISTEMA |
| Número de control de sistema |
022628382-44oxf_inst |
| 035 ## - NÚMERO DE CONTROL DEL SISTEMA |
| Número de control de sistema |
(UkOxU)022628382 |
| 035 ## - NÚMERO DE CONTROL DEL SISTEMA |
| Número de control de sistema |
(Uk)020236896 |
| 037 ## - FUENTE DE ADQUISICIÓN |
| Número de adquisición |
9781292411347 |
| Fuente del número de adquisición |
Pearson UK |
| 040 ## - FUENTE DE LA CATALOGACIÓN |
| Centro catalogador/agencia de origen |
StDuBDS |
| Lengua de catalogación |
eng |
| Normas de descripción |
rda |
| -- |
pn |
| Centro/agencia transcriptor |
StDuBDS |
| Centro/agencia modificador |
Uk |
| 041 ## - CÓDIGO DE LENGUA |
| Código de lengua del texto/banda sonora o título independiente |
English |
| 042 ## - CÃDIGO DE AUTENTICACIÃN |
| Código de autenticación |
ukblsr |
| 100 #0 - ENTRADA PRINCIPAL--NOMBRE DE PERSONA |
| Nombre de persona |
Clow, Kenneth E. |
| Término indicativo de función/relación |
author. |
| 9 (RLIN) |
21219 |
| 245 10 - MENCIÓN DE TÍTULO |
| Título |
Integrated advertising, promotion, and marketing communications |
| Mención de responsabilidad, etc. |
/ Kenneth E. Clow, Donald Baack. |
| 250 ## - MENCIÓN DE EDICIÓN |
| Mención de edición |
Ninth edition. |
| 250 ## - MENCIÓN DE EDICIÓN |
| Mención de edición |
Global edition. |
| 264 #1 - PRODUCCIÓN, PUBLICACIÓN, DISTRIBUCIÓN, FABRICACIÓN Y COPYRIGHT |
| Producción, publicación, distribución, fabricación y copyright |
Upper Saddle River : |
| Nombre del de productor, editor, distribuidor, fabricante |
Pearson, |
| Fecha de producción, publicación, distribución, fabricación o copyright |
2021. |
| 300 ## - DESCRIPCIÓN FÍSICA |
| Extensión |
1 online resource. |
| 500 ## - NOTA GENERAL |
| Nota general |
Academic |
| 505 0# - NOTA DE CONTENIDO CON FORMATO |
| Nota de contenido con formato |
The IMC foundation — Integrated marketing communications — Brand management — Buyer behaviors — The IMC planning process — IMC advertising tools — Advertising campaign management — Advertising design — Traditional media channels — Digital and alternative marketing — Digital marketing — Social media — Alternative marketing — IMC promotional tools — Database and direct response marketing — Sales promotions — Public relations and sponsorship programs — IMC ethics, regulations, and evaluation — Regulations and ethical concerns — Evaluating an integrated marketing program. |
| 520 ## - SUMARIO, ETC. |
| Sumario, etc. |
For courses in advertising. A study of integrated marketing communications taught through real-life application Integrated Advertising, Promotion, and Marketing Communications, 9th Edition speaks to an evolved definition of integrated marketing and teaches students how to effectively communicate in the business world. It champions the importance of weaving together all marketing activities into one clear message and voice, and helps students understand how communications are produced and transmitted. The text explores advertising and promotions, and the roles of social media, mobile messaging, and other marketing tactics to effectively reach consumers. With added tools to help learners apply concepts to real-life situations, students will understand the vital links marketers use to connect and interact with customers.<br/> |
| 650 #0 - PUNTO DE ACCESO ADICIONAL DE MATERIA--TÉRMINO DE MATERIA |
| Término de materia o nombre geográfico como elemento de entrada |
Communication in marketing |
| 9 (RLIN) |
2094 |
| 650 #0 - PUNTO DE ACCESO ADICIONAL DE MATERIA--TÉRMINO DE MATERIA |
| Término de materia o nombre geográfico como elemento de entrada |
Advertising |
| 9 (RLIN) |
2839 |
| 700 #0 - ENTRADA AGREGADA--NOMBRE PERSONAL |
| Nombre de persona |
Baack, Donald |
| Término indicativo de función/relación |
author. |
| 9 (RLIN) |
7670 |
| 856 ## - LOCALIZACIÓN Y ACCESO ELECTRÓNICOS |
| Identificador Uniforme del Recurso |
<a href="https://bibliotheque.tbs-education.fr/Default/doc/SYRACUSE/3386338/integrated-advertising-promotion-and-marketing-communications">https://bibliotheque.tbs-education.fr/Default/doc/SYRACUSE/3386338/integrated-advertising-promotion-and-marketing-communications</a> |
| 942 ## - ELEMENTOS DE ENTRADA AGREGADA (KOHA) |
| Fuente del sistema de clasificación o colocación |
Clasificación de Library of Congress |